000 002630000a22000970004500
100 1 _aReiland, Ralph R.
245 1 0 _aDying for a pizza : Attack crime, not commerce
300 _aVol. 47, Num 3 (Marzo, 1997), Páginas 149-150
773 0 _tThe Freeman
942 _cANA
999 _c56659
_d56659